[Event "Jermuk Asrian Memorial 12th"]
[Site "Jermuk"]
[Date "2019.06.16"]
[Round "6"]
[White "Sargsyan, Tigran R"]
[Black "Basencyan, Mark"]
[Result "1-0"]
[WhiteElo "2367"]
[BlackElo "2154"]
[PlyCount "67"]
[EventDate "2019.06.11"]
[EventType "swiss"]
[EventRounds "9"]
[EventCountry "ARM"]
[SourceTitle "CBM 191 Extra"]
[Source "ChessBase"]
[SourceDate "2019.09.30"]
[SourceVersion "1"]
[SourceVersionDate "2019.09.30"]
[SourceQuality "1"]

1. d4 Nf6 2. c4 g6 3. Nc3 Bg7 4. e4 d6 5. Be2 0-0 6. Be3 Nbd7 7. Nf3 e5 8. 0-0 Re8 9. d5 Nc5 10. Nd2 a5 11. a3 Nfd7 12. b4 Na6 13. Qb3 Bf8 14. Rfd1 Be7 15. f3 Bg5 16. Nb5 Bxe3+ 17. Qxe3 Qh4 18. c5 dxc5 19. bxc5 Qe7 20. d6 cxd6 21. cxd6 Qd8 22. Nc4 Ndc5 23. Rd5 b6 24. Rxe5 Be6 25. Rg5 f6 26. Rg3 Rb8 27. h4 Qd7 28. Rb1 Qf7 29. Qd4 Red8 30. f4 Bd7 31. f5 Be8 32. Ne3 Nb3 33. Rxb3 Qxb3 34. Bc4+ 1-0

[Event "Jermuk Asrian Memorial 12th"]
[Site "Jermuk"]
[Date "2019.06.12"]
[Round "2"]
[White "Hayrapetyan, Hovik"]
[Black "Basencyan, Mark"]
[Result "1-0"]
[WhiteElo "2449"]
[BlackElo "2154"]
[PlyCount "63"]
[EventDate "2019.06.11"]
[EventType "swiss"]
[EventRounds "9"]
[EventCountry "ARM"]
[SourceTitle "CBM 191 Extra"]
[Source "ChessBase"]
[SourceDate "2019.09.30"]
[SourceVersion "1"]
[SourceVersionDate "2019.09.30"]
[SourceQuality "1"]

1. d4 Nf6 2. c4 g6 3. Nc3 Bg7 4. Nf3 0-0 5. g3 d6 6. Bg2 Nbd7 7. 0-0 e5 8. e4 exd4 9. Nxd4 Re8 10. h3 Nc5 11. Re1 a5 12. b3 h6 13. Rb1 c6 14. a3 Nh7 15. b4 axb4 16. axb4 Ne6 17. Be3 Nxd4 18. Bxd4 Be6 19. Rc1 Ra3 20. Bxg7 Kxg7 21. Re3 Ra8 22. Ne2 Ra2 23. Nf4 Nf8 24. Bf1 Re7 25. Qd4+ Kh7 26. Rd3 Rd7 27. Rcd1 Rc2 28. Ra3 c5 29. Qa1 g5 30. Nxe6 Nxe6 31. Ra8 Qe7 32. Qh8+ 1-0

[Event "Moscow Aeroflot op-B 16th"]
[Site "Moscow"]
[Date "2017.02.28"]
[Round "8"]
[White "Basencyan, Mark"]
[Black "Maltsevskaya, Aleksandra"]
[Result "0-1"]
[WhiteElo "2191"]
[BlackElo "2259"]
[PlyCount "116"]
[EventDate "2017.02.21"]
[EventType "swiss"]
[EventRounds "9"]
[EventCountry "RUS"]
[SourceTitle "CBM 177 Extra"]
[Source "ChessBase"]
[SourceDate "2017.04.27"]
[SourceVersion "1"]
[SourceVersionDate "2017.04.27"]
[SourceQuality "1"]

1. d4 Nf6 2. c4 g6 3. Nc3 Bg7 4. e4 d6 5. Nf3 0-0 6. Be2 e5 7. 0-0 Nc6 8. d5 Ne7 9. Ne1 Ne8 10. Be3 f5 11. f3 Nf6 12. c5 f4 13. Bf2 g5 14. Rc1 Ng6 15. cxd6 cxd6 16. Nb5 Rf7 17. Nxa7 Bd7 18. Qb3 g4 19. Qxb7 Rb8 20. Qc7 Qxc7 21. Rxc7 Rxb2 22. Rc2 Rxc2 23. Nxc2 g3 24. Bb6 Ba4 25. Na3 Rb7 26. Nc8 Rb8 27. Ba6 Bd7 28. Rc1 Bf8 29. Ba7 Rb2 30. Rc2 Rb4 31. Rc4 Rb2 32. Rc2 Rb4 33. Nb6 Rd4 34. Be2 Rb4 35. Rc4 Rb2 36. Rc2 Rb4 37. Bc4 Ba4 38. Nxa4 Rxa4 39. Nb5 Rb4 40. h3 Rb1+ 41. Bf1 Ra1 42. a3 Nh4 43. Rc4 h5 44. Bb6 Be7 45. Nc7 Rxa3 46. Ne6 Ra1 47. Rc8+ Kf7 48. Bd8 Bxd8 49. Rxd8 Ke7 50. Rh8 Nxe4 51. Rh7+ Ke8 52. Rh8+ Kd7 53. Rh7+ Kc8 54. Rh8+ Kb7 55. Rh7+ Kb6 56. Nd8 Nd2 57. Rb7+ Kc5 58. Rb5+ Kd4 0-1

[Event "Moscow Aeroflot op-B 16th"]
[Site "Moscow"]
[Date "2017.02.22"]
[Round "2"]
[White "Kakabayaev, Mergen"]
[Black "Basencyan, Mark"]
[Result "1-0"]
[WhiteElo "2329"]
[BlackElo "2191"]
[PlyCount "151"]
[EventDate "2017.02.21"]
[EventType "swiss"]
[EventRounds "9"]
[EventCountry "RUS"]
[SourceTitle "CBM 177 Extra"]
[Source "ChessBase"]
[SourceDate "2017.04.27"]
[SourceVersion "1"]
[SourceVersionDate "2017.04.27"]
[SourceQuality "1"]

1. e4 Nc6 2. Nf3 d6 3. d4 Nf6 4. Nc3 g6 5. h3 Bg7 6. Bd3 0-0 7. 0-0 e5 8. Be3 Re8 9. d5 Ne7 10. Ne2 Nexd5 11. exd5 e4 12. Bxe4 Nxe4 13. c3 c5 14. dxc6 bxc6 15. Bd4 Bh6 16. Ng3 Nxg3 17. fxg3 Ba6 18. Re1 Rxe1+ 19. Qxe1 c5 20. Be3 Bg7 21. Rd1 Qb6 22. Bf4 Qxb2 23. Rxd6 Qc2 24. Qd2 Qxd2 25. Nxd2 Bb5 26. c4 Ba4 27. Nb3 Bxb3 28. axb3 Bd4+ 29. Kf1 a5 30. Bh6 f5 31. g4 fxg4 32. hxg4 Rb8 33. Ra6 Rxb3 34. Rxa5 Rb4 35. Ke2 Rxc4 36. Kd3 Rc3+ 37. Ke4 Rc2 38. Kd5 Rxg2 39. g5 Kf7 40. Kd6 c4 41. Ra8 Bc5+ 42. Kxc5 c3 43. Kd6 Rd2+ 44. Ke5 c2 45. Rc8 Re2+ 46. Kd4 Ke6 47. Kd3 Rg2 48. Rxc2 Rg3+ 49. Ke4 Rg4+ 50. Kf3 Ra4 51. Rc7 Ra3+ 52. Ke4 Ra4+ 53. Kd3 Ra3+ 54. Kc4 Kf5 55. Rxh7 Ra4+ 56. Kb5 Ra2 57. Rd7 Kg4 58. Rd5 Kh5 59. Bg7 Rg2 60. Bf6 Rc2 61. Rc5 Rd2 62. Kc6 Rd3 63. Rd5 Ra3 64. Kd7 Ra7+ 65. Ke6 Ra6+ 66. Kf7 Ra7+ 67. Be7 Rb7 68. Rd1 Ra7 69. Rh1+ Kg4 70. Kxg6 Rxe7 71. Kf6 Ra7 72. g6 Ra6+ 73. Kf7 Ra7+ 74. Kg8 Kg5 75. g7 Kg6 76. Kh8 1-0

[Event "Moscow Kolomenskaya op"]
[Site "Moscow"]
[Date "2015.10.22"]
[Round "9"]
[White "Basencyan, Mark"]
[Black "Chekletsov, Ilya"]
[Result "1/2-1/2"]
[WhiteElo "2187"]
[BlackElo "2299"]
[PlyCount "85"]
[EventDate "2015.10.16"]
[EventType "swiss"]
[EventRounds "9"]
[EventCountry "RUS"]
[SourceTitle "CBM 169 Extra"]
[Source "ChessBase"]
[SourceDate "2015.12.18"]
[SourceVersion "1"]
[SourceVersionDate "2015.12.18"]
[SourceQuality "1"]

1. d4 e6 2. c4 b6 3. Nc3 Bb7 4. e4 Bb4 5. Qc2 Qh4 6. Bd3 f5 7. g3 Qh5 8. Nge2 Qf3 9. 0-0 Bxc3 10. Nxc3 Nc6 11. Be3 Nb4 12. Qe2 Qxe2 13. Bxe2 Nc2 14. Rac1 Nxe3 15. fxe3 fxe4 16. Nb5 0-0-0 17. Nxa7+ Kb8 18. Nb5 Nf6 19. b4 Ba6 20. Nc3 d5 21. b5 Bc8 22. a4 Rhe8 23. Na2 dxc4 24. Nb4 Bb7 25. Rxc4 e5 26. dxe5 Rxe5 27. Rfc1 Rd7 28. Rd1 Rxd1+ 29. Bxd1 Nd5 30. Nxd5 Bxd5 31. Rd4 Kb7 32. h4 c6 33. bxc6+ Kxc6 34. Kg2 Kc5 35. g4 h6 36. h5 Bc6 37. Bc2 Bd5 38. Kg3 Re7 39. Kf4 Rf7+ 40. Ke5 Re7+ 41. Kf4 Rf7+ 42. Ke5 Re7+ 43. Kf4 1/2-1/2

[Event "Moscow Kolomenskaya op"]
[Site "Moscow"]
[Date "2015.10.21"]
[Round "8"]
[White "Gavryushin, Dmitry"]
[Black "Basencyan, Mark"]
[Result "0-1"]
[WhiteElo "2089"]
[BlackElo "2187"]
[PlyCount "86"]
[EventDate "2015.10.16"]
[EventType "swiss"]
[EventRounds "9"]
[EventCountry "RUS"]
[SourceTitle "CBM 169 Extra"]
[Source "ChessBase"]
[SourceDate "2015.12.18"]
[SourceVersion "1"]
[SourceVersionDate "2015.12.18"]
[SourceQuality "1"]

1. d4 Nf6 2. Nf3 g6 3. Bg5 Bg7 4. Nbd2 d5 5. e3 0-0 6. Bd3 c5 7. c3 Qb6 8. Qb1 Nc6 9. 0-0 Nd7 10. Re1 e5 11. dxe5 Ndxe5 12. Bc2 a5 13. a4 Be6 14. Nxe5 Nxe5 15. e4 d4 16. Kh1 h6 17. Bh4 g5 18. Bg3 d3 19. Bd1 c4 20. Qc1 Ng6 21. Bh5 Be5 22. Bxe5 Nxe5 23. f4 gxf4 24. Nf3 Ng6 25. Nd4 Rad8 26. Rf1 Qd6 27. Qd2 Qe5 28. Nxe6 fxe6 29. Bxg6 Kg7 30. Be8 Rdxe8 31. b3 Qxe4 32. Rae1 Qe3 33. Qd1 Qc5 34. Re4 Qd5 35. Rd4 Qf5 36. bxc4 Rd8 37. Rfxf4 Qxf4 38. Rxf4 Rxf4 39. g3 Re4 40. Qb1 d2 41. Qxb7+ Kh8 42. Qxe4 d1Q+ 43. Kg2 Rd2+ 0-1

[Event "Moscow Kolomenskaya op"]
[Site "Moscow"]
[Date "2015.10.19"]
[Round "6"]
[White "Chekletsov, Egor"]
[Black "Basencyan, Mark"]
[Result "0-1"]
[WhiteElo "2082"]
[BlackElo "2187"]
[PlyCount "72"]
[EventDate "2015.10.16"]
[EventType "swiss"]
[EventRounds "9"]
[EventCountry "RUS"]
[SourceTitle "CBM 169 Extra"]
[Source "ChessBase"]
[SourceDate "2015.12.18"]
[SourceVersion "1"]
[SourceVersionDate "2015.12.18"]
[SourceQuality "1"]

1. e4 d6 2. d4 Nf6 3. Nc3 Nbd7 4. Be3 e5 5. dxe5 dxe5 6. f3 Bb4 7. Nge2 0-0 8. a3 Ba5 9. g3 c6 10. Bg2 Bb6 11. Qd2 Qe7 12. Rd1 Bxe3 13. Qxe3 Nb6 14. 0-0 Nc4 15. Qc1 a5 16. Kh1 a4 17. Rfe1 b5 18. Na2 Be6 19. Nec3 h5 20. Nb4 Rac8 21. Nd3 Nd7 22. Nb1 h4 23. g4 Rfd8 24. Nd2 Ndb6 25. Nxc4 Nxc4 26. Nb4 Qc5 27. Rxd8+ Rxd8 28. Rd1 Rxd1+ 29. Qxd1 Qd4 30. Qxd4 exd4 31. Nd3 Ne3 32. Ne1 Nd1 33. Nd3 Bc4 34. Ne5 c5 35. Nd7 Nxb2 36. Nxc5 b4 0-1

[Event "Moscow Kolomenskaya op"]
[Site "Moscow"]
[Date "2015.10.19"]
[Round "5"]
[White "Sitnikov, Anton"]
[Black "Basencyan, Mark"]
[Result "1-0"]
[WhiteElo "2440"]
[BlackElo "2187"]
[PlyCount "69"]
[EventDate "2015.10.16"]
[EventType "swiss"]
[EventRounds "9"]
[EventCountry "RUS"]
[SourceTitle "CBM 169 Extra"]
[Source "ChessBase"]
[SourceDate "2015.12.18"]
[SourceVersion "1"]
[SourceVersionDate "2015.12.18"]
[SourceQuality "1"]

1. c4 Nf6 2. d4 g6 3. Nc3 Bg7 4. Nf3 0-0 5. Bf4 d6 6. h3 Nbd7 7. e3 b6 8. Be2 Bb7 9. 0-0 Ne4 10. Nxe4 Bxe4 11. Nd2 Bb7 12. Bf3 Bxf3 13. Nxf3 e5 14. Bg3 Qe7 15. Qa4 e4 16. Nd2 f5 17. Qc6 Nf6 18. Nb1 Nh5 19. Bh2 f4 20. Nc3 fxe3 21. fxe3 Qh4 22. Qxc7 Ng3 23. Rxf8+ Rxf8 24. Qxd6 Ne2+ 25. Kh1 Qf2 26. Qd5+ Kh8 27. Nxe2 Qxe2 28. Qxe4 Qxb2 29. Rb1 Qxa2 30. Bd6 Rc8 31. c5 bxc5 32. dxc5 a5 33. Rb7 Bf6 34. Be5 Qe6 35. Qh4 1-0

[Event "Moscow Kolomenskaya op"]
[Site "Moscow"]
[Date "2015.10.18"]
[Round "4"]
[White "Basencyan, Mark"]
[Black "Dmitrenko, Viktor"]
[Result "1/2-1/2"]
[WhiteElo "2187"]
[BlackElo "2333"]
[PlyCount "47"]
[EventDate "2015.10.16"]
[EventType "swiss"]
[EventRounds "9"]
[EventCountry "RUS"]
[SourceTitle "CBM 169 Extra"]
[Source "ChessBase"]
[SourceDate "2015.12.18"]
[SourceVersion "1"]
[SourceVersionDate "2015.12.18"]
[SourceQuality "1"]

1. d4 Nf6 2. c4 e6 3. Nc3 Bb4 4. Qc2 d5 5. cxd5 Qxd5 6. Nf3 Qf5 7. Qxf5 exf5 8. a3 Bd6 9. Nb5 Be6 10. Nxd6+ cxd6 11. Bf4 Kd7 12. e3 Nc6 13. Bd3 Rhc8 14. 0-0 Nd5 15. Rac1 Nxf4 16. exf4 g6 17. Bb5 Bd5 18. Nd2 Be6 19. Nf3 Bd5 20. Nd2 Be6 21. Nf3 Bd5 22. Nd2 Be6 23. Nf3 Bd5 24. Nd2 1/2-1/2

[Event "Chigorin Memorial 23rd"]
[Site "St Petersburg"]
[Date "2015.10.07"]
[Round "5"]
[White "Basencyan, Mark"]
[Black "Kokarev, Dmitry"]
[Result "0-1"]
[WhiteElo "2187"]
[BlackElo "2603"]
[PlyCount "62"]
[EventDate "2015.10.03"]
[EventType "swiss"]
[EventRounds "9"]
[EventCountry "RUS"]
[SourceTitle "CBM 168 Extra"]
[Source "ChessBase"]
[SourceDate "2015.10.29"]
[SourceVersion "1"]
[SourceVersionDate "2015.10.29"]
[SourceQuality "1"]

1. d4 g6 2. c4 Bg7 3. Nf3 c5 4. d5 d6 5. e4 e6 6. Be2 exd5 7. cxd5 Nf6 8. Nc3 a6 9. a4 Bg4 10. Nd2 Bxe2 11. Qxe2 0-0 12. 0-0 Nbd7 13. Nc4 Nb6 14. Bg5 Re8 15. a5 Nxc4 16. Qxc4 b5 17. axb6 Qxb6 18. Ra4 Nd7 19. Bc1 Bd4 20. Kh1 Qb7 21. Ra3 Qb4 22. Qa2 Bxc3 23. bxc3 Qxe4 24. Be3 Nb6 25. Rd1 a5 26. Rxa5 Rxa5 27. Qxa5 Nxd5 28. h3 Nxe3 29. fxe3 Qxe3 30. Qc7 Qxc3 31. Qxd6 Re1+ 0-1

[Event "Chigorin Memorial 23rd"]
[Site "St Petersburg"]
[Date "2015.10.05"]
[Round "3"]
[White "Grishaev, Igor"]
[Black "Basencyan, Mark"]
[Result "0-1"]
[WhiteElo "1922"]
[BlackElo "2187"]
[PlyCount "100"]
[EventDate "2015.10.03"]
[EventType "swiss"]
[EventRounds "9"]
[EventCountry "RUS"]
[SourceTitle "CBM 168 Extra"]
[Source "ChessBase"]
[SourceDate "2015.10.29"]
[SourceVersion "1"]
[SourceVersionDate "2015.10.29"]
[SourceQuality "1"]

1. e4 e5 2. Nf3 Nc6 3. Bb5 a6 4. Ba4 Nf6 5. 0-0 Be7 6. Re1 b5 7. Bb3 0-0 8. c3 d5 9. d3 dxe4 10. dxe4 Qxd1 11. Rxd1 Bc5 12. Nbd2 Bb7 13. h3 Rfe8 14. Bc2 Rad8 15. Re1 Nh5 16. Nf1 Nf4 17. Be3 Bf8 18. b4 Nd3 19. Re2 Nb8 20. Bg5 f6 21. Rd1 Nb2 22. Rxd8 Rxd8 23. Bb3+ Nc4 24. Bd2 Nd7 25. a4 Ndb6 26. a5 Nc8 27. Be1 N8d6 28. N3d2 Bc8 29. f3 Be6 30. Bf2 Kf7 31. Ba2 g6 32. Nb3 Nb7 33. Nbd2 Nxd2 34. Bxe6+ Kxe6 35. Rxd2 Rxd2 36. Nxd2 c5 37. Bxc5 Bxc5+ 38. bxc5 Nxa5 39. Kf2 Nb7 40. Nb3 Kd7 41. f4 a5 42. f5 a4 43. fxg6 hxg6 44. Nc1 Nxc5 45. Ke3 Ke6 46. g4 g5 47. Na2 Kd6 48. Nb4 a3 49. Kf3 Na4 50. Na2 Nxc3 0-1

[Event "Chigorin Memorial 23rd"]
[Site "St Petersburg"]
[Date "2015.10.03"]
[Round "1"]
[White "Basencyan, Mark"]
[Black "Aure, Anders Nilsson"]
[Result "1-0"]
[WhiteElo "2187"]
[BlackElo "1689"]
[PlyCount "69"]
[EventDate "2015.10.03"]
[EventType "swiss"]
[EventRounds "9"]
[EventCountry "RUS"]
[SourceTitle "CBM 168 Extra"]
[Source "ChessBase"]
[SourceDate "2015.10.29"]
[SourceVersion "1"]
[SourceVersionDate "2015.10.29"]
[SourceQuality "1"]

1. d4 Nf6 2. c4 g6 3. f3 c5 4. d5 d6 5. Nc3 Bg7 6. e4 0-0 7. Bd3 Na6 8. Nge2 Nc7 9. 0-0 Bd7 10. a3 a5 11. a4 Na6 12. Bg5 Nb4 13. Qd2 h6 14. Be3 Kh7 15. Rae1 Ng8 16. Bb1 f5 17. exf5 Bxf5 18. Nf4 Qd7 19. g4 Bxb1 20. Rxb1 b6 21. Rbe1 Rfe8 22. Ne6 Bf6 23. f4 Bg7 24. Qd1 Na6 25. g5 Nc7 26. Bc1 Nxe6 27. Rxe6 Rf8 28. h4 Bd4+ 29. Kg2 Rf5 30. h5 hxg5 31. hxg6+ Kg7 32. fxg5 Raf8 33. Qh5 Rf2+ 34. Rxf2 Rxf2+ 35. Kg3 1-0

[Event "Abrisham op"]
[Site "Sowmeeh Sara"]
[Date "2015.05.13"]
[Round "9"]
[White "Basencyan, Mark"]
[Black "Fendereski, Nima"]
[Result "1-0"]
[WhiteElo "2180"]
[BlackElo "2120"]
[PlyCount "71"]
[EventDate "2015.05.08"]
[EventType "swiss"]
[EventRounds "9"]
[EventCountry "IRI"]
[SourceTitle "CBM 166 Extra"]
[Source "ChessBase"]
[SourceDate "2015.06.18"]
[SourceVersion "1"]
[SourceVersionDate "2015.06.18"]
[SourceQuality "1"]

1. d4 Nf6 2. c4 e6 3. Nc3 Bb4 4. Qc2 0-0 5. Nf3 b6 6. e4 Bb7 7. Bd3 d5 8. cxd5 exd5 9. e5 Ne4 10. 0-0 Bxc3 11. bxc3 h6 12. Nd2 Nxd2 13. Bxd2 Ba6 14. Bh7+ Kh8 15. Rfe1 Nc6 16. Re3 Ne7 17. Rh3 Bc8 18. Rh5 Bg4 19. Rh4 Ng6 20. Rxg4 Kxh7 21. Re1 Qc8 22. h3 Qe6 23. Re3 Kh8 24. Reg3 Rg8 25. Rxg6 fxg6 26. Rxg6 Qe7 27. Qf5 Qh4 28. Rg4 Qe7 29. Qh5 Qf8 30. Rg6 Kh7 31. f4 Rh8 32. f5 Kg8 33. f6 Rh7 34. Bxh6 Qa3 35. Qg5 Kh8 36. Rxg7 1-0

[Event "Poti Aleksandria Cup 9th"]
[Site "Poti"]
[Date "2014.07.16"]
[Round "5"]
[White "Basencyan, Mark"]
[Black "Keleptrishvili, Irakli"]
[Result "0-1"]
[WhiteElo "2170"]
[BlackElo "2056"]
[PlyCount "84"]
[EventDate "2014.07.13"]
[EventType "swiss"]
[EventRounds "9"]
[EventCountry "GEO"]
[SourceTitle "CBM 161 Extra"]
[Source "ChessBase"]
[SourceDate "2014.08.29"]
[SourceVersion "1"]
[SourceVersionDate "2014.08.29"]
[SourceQuality "1"]

1. d4 d5 2. c4 dxc4 3. Nf3 Nf6 4. e3 Bg4 5. Bxc4 e6 6. h3 Bh5 7. 0-0 a6 8. a3 Nc6 9. b4 Bd6 10. Nbd2 0-0 11. Bb2 Qe7 12. Qc2 Bg6 13. e4 e5 14. d5 Na7 15. Bd3 c6 16. Nc4 cxd5 17. Nxd6 Qxd6 18. Bxe5 Qc6 19. Qb2 dxe4 20. Rac1 Qd7 21. Bxf6 gxf6 22. Nh2 f5 23. Be2 Nc6 24. h4 h5 25. Rfd1 Qe7 26. g3 f4 27. Rc5 f3 28. Bc4 Rad8 29. Re1 Qd7 30. Rg5 Kh7 31. g4 f6 32. Rd5 Qg7 33. Nf1 Ne5 34. Rxe5 fxe5 35. g5 Rf4 36. Ng3 e3 37. Be6 e2 38. Qc3 Rd1 39. Bb3 Rxe1+ 40. Qxe1 Qd7 41. Qc3 Qh3 42. Qc7+ Rf7 0-1

[Event "Poti Aleksandria Cup 9th"]
[Site "Poti"]
[Date "2014.07.14"]
[Round "2"]
[White "Pantsulaia, Levan"]
[Black "Basencyan, Mark"]
[Result "1/2-1/2"]
[WhiteElo "2591"]
[BlackElo "2170"]
[PlyCount "102"]
[EventDate "2014.07.13"]
[EventType "swiss"]
[EventRounds "9"]
[EventCountry "GEO"]
[SourceTitle "CBM 161 Extra"]
[Source "ChessBase"]
[SourceDate "2014.08.29"]
[SourceVersion "1"]
[SourceVersionDate "2014.08.29"]
[SourceQuality "1"]

1. Nf3 Nf6 2. g3 d5 3. Bg2 e6 4. 0-0 Be7 5. c4 0-0 6. b3 c5 7. Bb2 Nc6 8. e3 b6 9. Nc3 Bb7 10. cxd5 Nxd5 11. Nxd5 Qxd5 12. d4 Qd8 13. dxc5 Bxc5 14. Ne5 Nxe5 15. Bxb7 Rb8 16. Be4 Qxd1 17. Rfxd1 f6 18. Kf1 Rfd8 19. Ke2 Kf7 20. Rac1 Rxd1 21. Rxd1 Ke7 22. h3 h6 23. f4 Nf7 24. Rc1 Rd8 25. Bd3 Nd6 26. g4 a5 27. a3 Nf7 28. h4 e5 29. Bg6 exf4 30. exf4 Rd6 31. Bf5 Nd8 32. Kf3 Nc6 33. Re1+ Kd8 34. Bg6 Nd4+ 35. Bxd4 Rxd4 36. Re8+ Kc7 37. Rg8 Rd7 38. a4 Re7 39. Be4 Bb4 40. Bd5 Bc5 41. f5 Kd6 42. Be6 Ke5 43. Rc8 Ra7 44. Rc6 Re7 45. Rc8 Ra7 46. Rd8 Bd6 47. Bc4 Re7 48. Rc8 Kd4 49. Rc6 Re3+ 50. Kg2 Bc5 51. Rc7 Rg3+ 1/2-1/2

[Event "EU-ch 15th"]
[Site "Yerevan"]
[Date "2014.03.07"]
[Round "5"]
[White "Basencyan, Mark"]
[Black "Davtyan, Artur"]
[Result "1/2-1/2"]
[WhiteElo "2186"]
[BlackElo "1843"]
[PlyCount "124"]
[EventDate "2014.03.03"]
[EventType "swiss"]
[EventRounds "11"]
[EventCountry "ARM"]
[SourceTitle "CBM 160"]
[Source "ChessBase"]
[SourceDate "2014.05.15"]
[SourceVersion "1"]
[SourceVersionDate "2014.05.15"]
[SourceQuality "1"]

1. d4 Nf6 2. c4 g6 3. Nc3 d5 4. Nf3 Bg7 5. Bf4 c5 6. dxc5 Qa5 7. cxd5 Nxd5 8. Qxd5 Bxc3+ 9. Bd2 Bxd2+ 10. Qxd2 Qxd2+ 11. Nxd2 Na6 12. Rc1 Be6 13. e4 Nc7 14. Bc4 0-0-0 15. Nb3 Bxc4 16. Rxc4 e5 17. Ke2 Ne6 18. g3 Kc7 19. Rhc1 h5 20. Ra4 Kb8 21. Rb4 Rc8 22. Rbc4 Rhd8 23. Ke3 g5 24. R4c3 f6 25. a3 Kc7 26. a4 Rd4 27. Rc4 Rxc4 28. Rxc4 Rd8 29. Nd2 Rd4 30. b4 Kc6 31. b5+ Kc7 32. a5 Rxc4 33. b6+ Kb8 34. Nxc4 Nxc5 35. f4 axb6 36. axb6 exf4+ 37. gxf4 Kc8 38. fxg5 fxg5 39. Kd4 Nd7 40. e5 Nf8 41. Kd5 Kd7 42. Nd6 Ng6 43. e6+ Ke7 44. Nxb7 Nf4+ 45. Ke5 Nxe6 46. Na5 Nc5 47. b7 Nd7+ 48. Kf5 Kd6 49. Kxg5 Kc7 50. Kxh5 Kb6 51. Nb3 Kxb7 52. Kg6 Ne5+ 53. Kf5 Nf3 54. h3 Kc6 55. Kf4 Nh4 56. Kg4 Ng2 57. Kg3 Ne3 58. Kf3 Nf5 59. Kg4 Ne3+ 60. Kg3 Nf5+ 61. Kg4 Ne3+ 62. Kf3 Nf5 1/2-1/2

[Event "EU-ch 15th"]
[Site "Yerevan"]
[Date "2014.03.06"]
[Round "4"]
[White "Karapetyan, Lusine"]
[Black "Basencyan, Mark"]
[Result "1/2-1/2"]
[WhiteElo "1985"]
[BlackElo "2186"]
[PlyCount "122"]
[EventDate "2014.03.03"]
[EventType "swiss"]
[EventRounds "11"]
[EventCountry "ARM"]
[SourceTitle "CBM 160"]
[Source "ChessBase"]
[SourceDate "2014.05.15"]
[SourceVersion "1"]
[SourceVersionDate "2014.05.15"]
[SourceQuality "1"]

1. e4 d6 2. d4 Nf6 3. Nc3 e5 4. dxe5 dxe5 5. Qxd8+ Kxd8 6. Bc4 Be6 7. Bxe6 fxe6 8. Nf3 Nbd7 9. Bg5 Bb4 10. 0-0-0 Bxc3 11. bxc3 Ke7 12. Rhe1 Rad8 13. Bh4 Rhf8 14. Ng5 h6 15. Nf3 g5 16. Bg3 Nh5 17. Nxe5 Nxe5 18. Bxe5 Rxf2 19. Rxd8 Kxd8 20. Rd1+ Ke7 21. Rd2 Rf1+ 22. Rd1 Rxd1+ 23. Kxd1 Nf6 24. Bxc7 Nxe4 25. Be5 Nf6 26. Ke2 Nd7 27. Bd4 a6 28. g4 e5 29. Bg1 Ke6 30. c4 Nf6 31. Kf3 e4+ 32. Kg3 Nd7 33. Bd4 Ne5 34. c3 a5 35. h3 a4 36. Kf2 Nxc4 37. Bg7 Nd6 38. Bxh6 Nf7 39. Bg7 Kd5 40. Ke3 Nd8 41. Bf6 Ne6 42. h4 gxh4 43. Bxh4 b5 44. Bf6 Nf8 45. Kf4 Ne6+ 46. Ke3 Nf8 47. g5 Ng6 48. Bd4 Nh4 49. Bf6 Nf5+ 50. Kf4 Nh4 51. a3 Ng6+ 52. Ke3 Nf8 53. Bh8 Ng6 54. Bd4 Ne7 55. Bf6 Nf5+ 56. Kf4 e3 57. Kf3 Kc4 58. Ke2 Kb3 59. g6 Kxa3 60. g7 Nh6 61. Bg5 Ng8 1/2-1/2

[Event "Al Ain op 2nd"]
[Site "Al Ain"]
[Date "2013.12.27"]
[Round "8"]
[White "Tunik, Gennady"]
[Black "Basencyan, Mark"]
[Result "1/2-1/2"]
[WhiteElo "2416"]
[BlackElo "2181"]
[PlyCount "160"]
[EventDate "2013.12.19"]
[EventType "swiss"]
[EventRounds "9"]
[EventCountry "UAE"]
[SourceTitle "CBM 158 Extra"]
[Source "ChessBase"]
[SourceDate "2014.02.28"]
[SourceVersion "1"]
[SourceVersionDate "2014.02.28"]
[SourceQuality "1"]

1. d4 d5 2. c4 e6 3. Nf3 Nf6 4. Nc3 Be7 5. Bf4 0-0 6. e3 Nbd7 7. c5 c6 8. Bd3 b6 9. b4 a5 10. a3 Ba6 11. 0-0 Qc8 12. h3 Qb7 13. Rb1 Bxd3 14. Qxd3 axb4 15. axb4 b5 16. Qc2 Ra6 17. Ne1 Rfa8 18. f3 Bd8 19. e4 Bc7 20. e5 Nh5 21. Bh2 g6 22. g4 Ng7 23. Nd3 Bd8 24. Rfe1 R8a7 25. Bg3 Qa8 26. Qc1 Ra3 27. Kg2 Nf8 28. Re2 Ra1 29. Bf4 Rxb1 30. Qxb1 Ra1 31. Ra2 Rxa2+ 32. Qxa2 Qxa2+ 33. Nxa2 Nd7 34. Bh6 Ne8 35. Nc3 Nc7 36. Kg3 f6 37. Be3 f5 38. h4 Kf7 39. Ne2 Na6 40. Ng1 Nf8 41. Nh3 Kg7 42. Bg5 Bxg5 43. Nxg5 h6 44. Nh3 Kf7 45. Ng1 fxg4 46. fxg4 g5 47. hxg5 hxg5 48. Nf3 Nh7 49. Kf2 Nb8 50. Ke3 Nd7 51. Nd2 Ke7 52. Nf3 Kd8 53. Nf2 Ndf8 54. Nd2 Ng6 55. Nf3 Nh8 56. Nh1 Nf7 57. Ng3 Nh6 58. Nh2 Ke7 59. Kf3 Nf8 60. Nhf1 Nd7 61. Nh5 Nb8 62. Ne3 Na6 63. Nc2 Ng8 64. Ke3 Kf7 65. Kd3 Nc7 66. Na1 Ne7 67. Nb3 Na6 68. Kc3 Ng6 69. Na5 Nb8 70. Nf6 Nf4 71. Kd2 Nh3 72. Ke3 Nf4 73. Nb7 Ke7 74. Nh7 Na6 75. Nxg5 Ng6 76. Na5 Nxb4 77. Nf3 Kd7 78. Kd2 Nf4 79. Nh4 Nh3 80. Nf3 Nf4 1/2-1/2

[Event "Al Ain op 2nd"]
[Site "Al Ain"]
[Date "2013.12.26"]
[Round "7"]
[White "Basencyan, Mark"]
[Black "Chelushkina, Irina"]
[Result "1-0"]
[WhiteElo "2181"]
[BlackElo "2276"]
[PlyCount "81"]
[EventDate "2013.12.19"]
[EventType "swiss"]
[EventRounds "9"]
[EventCountry "UAE"]
[SourceTitle "CBM 158 Extra"]
[Source "ChessBase"]
[SourceDate "2014.02.28"]
[SourceVersion "1"]
[SourceVersionDate "2014.02.28"]
[SourceQuality "1"]

1. d4 Nf6 2. c4 c5 3. d5 e6 4. Nc3 exd5 5. cxd5 d6 6. Nf3 g6 7. h3 Bg7 8. e4 a6 9. a4 0-0 10. Bd3 Re8 11. 0-0 Nbd7 12. Bf4 c4 13. Bc2 Qb6 14. a5 Qc7 15. Re1 b5 16. axb6 Qxb6 17. Na4 Qc7 18. Rc1 a5 19. Bd3 Ba6 20. b3 Nh5 21. Bd2 Ne5 22. Nxe5 Bxe5 23. Bxc4 Bxc4 24. Rxc4 Qe7 25. Rc6 Bd4 26. Qf3 Reb8 27. Rc4 Qf6 28. Qxf6 Bxf6 29. g4 Ng7 30. Rb1 Be5 31. f3 f5 32. Kg2 Kf7 33. Nc3 Bf6 34. Rc6 Be5 35. Na4 fxe4 36. fxe4 Bf6 37. Kf3 h5 38. Rxd6 Be5 39. Rc6 h4 40. Ke2 Bg3 41. Nc5 1-0

[Event "Al Ain op 2nd"]
[Site "Al Ain"]
[Date "2013.12.24"]
[Round "6"]
[White "Mezioud, Amina"]
[Black "Basencyan, Mark"]
[Result "0-1"]
[WhiteElo "2048"]
[BlackElo "2181"]
[PlyCount "72"]
[EventDate "2013.12.19"]
[EventType "swiss"]
[EventRounds "9"]
[EventCountry "UAE"]
[SourceTitle "CBM 158 Extra"]
[Source "ChessBase"]
[SourceDate "2014.02.28"]
[SourceVersion "1"]
[SourceVersionDate "2014.02.28"]
[SourceQuality "1"]

1. e4 d6 2. d4 Nf6 3. Nc3 e5 4. Nf3 Nbd7 5. Be2 Be7 6. h3 c6 7. Be3 0-0 8. Qd2 b5 9. a3 Bb7 10. g4 a5 11. g5 Ne8 12. Bd3 Nc7 13. Rg1 Ne6 14. Ne2 c5 15. d5 c4 16. dxe6 cxd3 17. cxd3 fxe6 18. Nh2 d5 19. g6 d4 20. gxh7+ Kxh7 21. Bg5 Nc5 22. Bxe7 Qxe7 23. Rd1 Qh4 24. Ng4 Rf3 25. Nc1 Raf8 26. Rg2 Rxh3 27. Ke2 Nxe4 28. dxe4 Bxe4 29. Rgg1 d3+ 30. Nxd3 Bxd3+ 31. Ke1 Rf4 32. Ne3 Be4 33. Rxg7+ Kh6 34. Rg8 Bh7 35. Nf5+ exf5 36. Qd6+ Kh5 0-1